[Event "TUR-ch (Women)"]
[Site "Corum"]
[Date "2021.06.14"]
[Round "2"]
[White "Karatiken, Beray"]
[Black "Incecik, Seyma Zeynep"]
[Result "0-1"]
[WhiteElo "1205"]
[BlackElo "1762"]
[PlyCount "48"]
[EventDate "2021.06.13"]
[EventType "swiss"]
[EventRounds "7"]
[EventCountry "TUR"]
[SourceTitle "CBM 203 Extra"]
[Source "ChessBase"]
[SourceDate "2021.09.30"]
[SourceVersion "1"]
[SourceVersionDate "2021.09.30"]
[SourceQuality "1"]

1. e4 c5 2. d3 Nc6 3. g3 d5 4. Nd2 Nf6 5. f4 Bg4 6. Ngf3 dxe4 7. dxe4 Nxe4 8. Bd3 Nxd2 9. Bxd2 Qd5 10. 0-0 0-0-0 11. Be3 e5 12. fxe5 Nxe5 13. Kg2 Qc6 14. Bf4 Nxf3 15. Rxf3 c4 16. Rc1 Bxf3+ 17. Qxf3 Qxf3+ 18. Kxf3 cxd3 19. cxd3+ Kd7 20. Rc7+ Ke6 21. Rxb7 Rxd3+ 22. Ke4 Rd7 23. Rb8 f5+ 24. Kf3 g6 0-1

[Event "TUR-ch (Women)"]
[Site "Corum"]
[Date "2021.06.13"]
[Round "1"]
[White "Incecik, Seyma Zeynep"]
[Black "Atalik, Ekaterina"]
[Result "0-1"]
[WhiteElo "1762"]
[BlackElo "2430"]
[PlyCount "90"]
[EventDate "2021.06.13"]
[EventType "swiss"]
[EventRounds "7"]
[EventCountry "TUR"]
[SourceTitle "CBM 203 Extra"]
[Source "ChessBase"]
[SourceDate "2021.09.30"]
[SourceVersion "1"]
[SourceVersionDate "2021.09.30"]
[SourceQuality "1"]

1. e4 e5 2. Nf3 Nc6 3. Bc4 Bc5 4. c3 Nf6 5. d3 d6 6. Bb3 a6 7. 0-0 Ba7 8. Nbd2 0-0 9. Nc4 Ne7 10. Be3 b5 11. Ncd2 c6 12. Bxa7 Rxa7 13. d4 Ng6 14. a4 Re7 15. Re1 Qb6 16. Qc2 Bg4 17. dxe5 dxe5 18. h3 Bxf3 19. Nxf3 c5 20. Qe2 c4 21. Bc2 Rd8 22. Rad1 Red7 23. Rxd7 Rxd7 24. g3 h6 25. Rd1 Qc6 26. Rxd7 Nxd7 27. Nd2 Nc5 28. axb5 axb5 29. Qe3 Nf8 30. b3 cxb3 31. Bxb3 Nxb3 32. Nxb3 Ne6 33. Kh2 Ng5 34. Nd2 Qd7 35. h4 Qxd2 36. hxg5 Qxe3 37. fxe3 hxg5 38. Kg2 g4 39. Kf2 Kf8 40. Ke2 Ke7 41. Kd2 Kd6 42. Kc2 Kc5 43. Kb3 g6 44. Kc2 Kc4 45. Kd2 f5 0-1

[Event "TUR-chT 1st League"]
[Site "Konya"]
[Date "2019.07.28"]
[Round "9.6"]
[White "Incecik, Seyma Zeynep"]
[Black "Havanecz, Bianka"]
[Result "0-1"]
[WhiteElo "1796"]
[BlackElo "2271"]
[PlyCount "48"]
[EventDate "2019.07.22"]
[EventType "team-swiss"]
[EventRounds "9"]
[EventCountry "TUR"]
[SourceTitle "CBM 191 Extra"]
[Source "ChessBase"]
[SourceDate "2019.09.30"]
[SourceVersion "1"]
[SourceVersionDate "2019.09.30"]
[SourceQuality "1"]
[WhiteTeam "Varyant Genclik"]
[BlackTeam "Aydin Egitim Merkezi"]
[WhiteTeamCountry "TUR"]
[BlackTeamCountry "TUR"]

1. b3 d5 2. Bb2 Nf6 3. e3 Bf5 4. Nf3 h6 5. Be2 e6 6. 0-0 Be7 7. d4 0-0 8. c4 c6 9. Nc3 Nbd7 10. a4 a5 11. Ba3 Re8 12. Bxe7 Qxe7 13. Qc1 Ne4 14. Nxe4 dxe4 15. Nd2 e5 16. Qc3 exd4 17. exd4 Qf6 18. Rac1 Nf8 19. Rfd1 Ne6 20. Nf1 Nf4 21. Qe3 Qg5 22. Ng3 Bg4 23. Bxg4 Qxg4 24. Rc3 Qxd1+ 0-1

[Event "TUR-chT 1st League"]
[Site "Konya"]
[Date "2019.07.23"]
[Round "3.8"]
[White "Rakhmangulova, Anastasiya"]
[Black "Incecik, Seyma Zeynep"]
[Result "0-1"]
[WhiteElo "2210"]
[BlackElo "1796"]
[PlyCount "66"]
[EventDate "2019.07.22"]
[EventType "team-swiss"]
[EventRounds "9"]
[EventCountry "TUR"]
[SourceTitle "CBM 191 Extra"]
[Source "ChessBase"]
[SourceDate "2019.09.30"]
[SourceVersion "1"]
[SourceVersionDate "2019.09.30"]
[SourceQuality "1"]
[WhiteTeam "Denizli Metin Surmeli"]
[BlackTeam "Varyant Genclik"]
[WhiteTeamCountry "TUR"]
[BlackTeamCountry "TUR"]

1. d4 d5 2. Nf3 Nf6 3. e3 Bg4 4. Nbd2 e6 5. h3 Bh5 6. Bd3 c5 7. 0-0 Nc6 8. c3 Bd6 9. dxc5 Bxc5 10. e4 dxe4 11. Nxe4 Nxe4 12. Bxe4 Qxd1 13. Rxd1 Rc8 14. g4 Bg6 15. Bxg6 hxg6 16. Kg2 Ke7 17. b4 Bd6 18. b5 Na5 19. Rxd6 Kxd6 20. Ba3+ Kd7 21. Ng5 Ke8 22. Bb4 Nc4 23. a4 e5 24. a5 f6 25. Ne4 Kf7 26. b6 axb6 27. axb6 Rc6 28. Rd1 Rb8 29. Rd7+ Kg8 30. Bd6 Nxb6 31. Rc7 Rc8 32. Rxb7 f5 33. gxf5 gxf5 0-1

[Event "Wch U20 Girls 36th"]
[Site "Manavgat"]
[Date "2018.09.08"]
[Round "5"]
[White "Ince, Safiye Oyku"]
[Black "Incecik, Seyma Zeynep"]
[Result "1/2-1/2"]
[WhiteElo "1905"]
[BlackElo "1716"]
[PlyCount "68"]
[EventDate "2018.09.05"]
[EventType "swiss"]
[EventRounds "11"]
[EventCountry "TUR"]
[SourceTitle "CBM 186 Extra"]
[Source "ChessBase"]
[SourceDate "2018.08.24"]
[SourceVersion "1"]
[SourceVersionDate "2018.08.24"]
[SourceQuality "1"]

1. e4 d5 2. exd5 Qxd5 3. Nc3 Qa5 4. d4 c6 5. Bc4 Nf6 6. Nf3 Bf5 7. Ne5 e6 8. Qe2 Bb4 9. Bd2 Nbd7 10. 0-0-0 Nxe5 11. dxe5 Nd5 12. Bxd5 exd5 13. g4 Be6 14. a3 Bxa3 15. Nb1 Bb4 16. f4 d4 17. f5 Bd5 18. Rhf1 0-0-0 19. Bf4 Qa1 20. Bd2 Bc5 21. c4 dxc3 22. Bxc3 Ba2 23. Kc2 Rxd1 24. Rxd1 Bxb1+ 25. Rxb1 Qa4+ 26. b3 Qf4 27. Rf1 Qe3 28. Qxe3 Bxe3 29. f6 gxf6 30. Rxf6 Rf8 31. e6 Kd8 32. Rf3 Bc5 33. Bg7 Rg8 34. Rxf7 Be7 1/2-1/2

[Event "Wch U20 Girls 36th"]
[Site "Manavgat"]
[Date "2018.09.05"]
[Round "1"]
[White "Incecik, Seyma Zeynep"]
[Black "Nurgali, Nazerke"]
[Result "0-1"]
[WhiteElo "1716"]
[BlackElo "2080"]
[PlyCount "92"]
[EventDate "2018.09.05"]
[EventType "swiss"]
[EventRounds "11"]
[EventCountry "TUR"]
[SourceTitle "CBM 186 Extra"]
[Source "ChessBase"]
[SourceDate "2018.08.24"]
[SourceVersion "1"]
[SourceVersionDate "2018.08.24"]
[SourceQuality "1"]

1. b3 d5 2. Bb2 Nf6 3. e3 e6 4. Nf3 Be7 5. Be2 c5 6. 0-0 Nbd7 7. d4 0-0 8. c4 cxd4 9. Qxd4 dxc4 10. Bxc4 Nb6 11. Be2 Qxd4 12. Bxd4 Nbd5 13. Nbd2 b6 14. Rac1 Ba3 15. Rb1 Bb4 16. Rbc1 Bb7 17. Bc4 Rfd8 18. Rfd1 Rac8 19. Bb2 Bc5 20. Be2 h6 21. a3 a5 22. Nc4 Ne4 23. Nd4 Kf8 24. Bf3 Ng5 25. Bg4 Ke7 26. Ne5 Ne4 27. Be2 Bxd4 28. Rxd4 Rxc1+ 29. Bxc1 Nec3 30. Bh5 g6 31. Bf3 b5 32. Bb2 Rc8 33. Rd3 b4 34. a4 Ba6 35. Rd2 g5 36. h3 Rc7 37. Kh2 f6 38. Nd3 Nb1 39. Rd1 Ndc3 40. Bxc3 Nxc3 41. Nxb4 axb4 42. Rd4 Na2 43. h4 Rc3 44. h5 Rxb3 45. Bc6 Rd3 46. Re4 b3 0-1

[Event "Mersin op 2nd"]
[Site "Mersin"]
[Date "2017.10.26"]
[Round "7"]
[White "Incecik, Seyma Zeynep"]
[Black "Caputcuoglu, Zeki Berke"]
[Result "1/2-1/2"]
[WhiteElo "1699"]
[BlackElo "1840"]
[PlyCount "57"]
[EventDate "2017.10.22"]
[EventType "swiss"]
[EventRounds "9"]
[EventCountry "TUR"]
[SourceTitle "CBM 181 Extra"]
[Source "ChessBase"]
[SourceDate "2017.12.12"]
[SourceVersion "1"]
[SourceVersionDate "2017.12.12"]
[SourceQuality "1"]

1. b3 e5 2. Bb2 Nc6 3. e3 Nf6 4. Bb5 Bd6 5. Na3 a6 6. Bxc6 dxc6 7. Nc4 Qe7 8. Ne2 0-0 9. 0-0 b5 10. Nxd6 cxd6 11. f4 e4 12. f5 Rd8 13. Qe1 c5 14. Qh4 d5 15. Ng3 Ra7 16. Ne2 Rd6 17. g4 Ne8 18. Qg3 f6 19. h4 Rad7 20. Rae1 b4 21. Nf4 Rd8 22. Rf2 d4 23. exd4 cxd4 24. Rfe2 Bb7 25. Ne6 Rxe6 26. fxe6 Qxe6 27. Qf4 Qb6 28. Qf2 Qe6 29. Qf4 1/2-1/2

[Event "TUR-chT2"]
[Site "Konya"]
[Date "2016.07.20"]
[Round "6.4"]
[White "Incecik, Seyma Zeynep"]
[Black "Erece, Ece Alkim"]
[Result "1-0"]
[WhiteElo "1715"]
[BlackElo "1775"]
[PlyCount "131"]
[EventDate "2016.07.17"]
[EventType "team-swiss"]
[EventRounds "9"]
[EventCountry "TUR"]
[SourceTitle "CBM 173 Extra"]
[Source "ChessBase"]
[SourceDate "2016.08.29"]
[SourceVersion "1"]
[SourceVersionDate "2016.08.29"]
[SourceQuality "1"]
[WhiteTeam "Burdur Callica"]
[BlackTeam "Bursa Buyuksehir"]
[WhiteTeamCountry "TUR"]
[BlackTeamCountry "TUR"]

1. b3 e5 2. Bb2 Nc6 3. e3 Nf6 4. Bb5 Bd6 5. Na3 Na5 6. Be2 a6 7. c4 0-0 8. Nc2 Nc6 9. d3 Re8 10. Nf3 e4 11. dxe4 Nxe4 12. 0-0 Bf8 13. Ncd4 Nxd4 14. Qxd4 d6 15. Nd2 Nxd2 16. Qxd2 Qh4 17. Bf3 c6 18. Qd4 Qg5 19. Ba3 Re6 20. g3 Rf6 21. Bg2 Qh5 22. Bb2 Bh3 23. Qd1 Qxd1 24. Rfxd1 Bxg2 25. Bxf6 Bf3 26. Bc3 Bxd1 27. Rxd1 f5 28. Kg2 Kf7 29. Kf3 Ke6 30. Ke2 Rd8 31. Rd4 g5 32. Rd1 Be7 33. h3 Bf6 34. Bxf6 Kxf6 35. Rd4 d5 36. c5 b5 37. cxb6 Rb8 38. Rb4 c5 39. Ra4 Rxb6 40. Ra5 Rc6 41. Kd3 h5 42. Ra4 g4 43. h4 Ke5 44. Ra5 Kd6 45. Ra4 Ke6 46. Kc3 Ke5 47. Kd3 c4+ 48. Kd2 Ke4 49. Ke2 Ke5 50. Kd2 Ke4 51. Ke2 d4 52. Rxc4 Rxc4 53. bxc4 d3+ 54. Kd2 a5 55. a4 Kf3 56. c5 Kxf2 57. c6 Kxg3 58. c7 Kxh4 59. c8Q Kg3 60. Qxf5 h4 61. Qf4+ Kh3 62. Kxd3 g3 63. Ke2 g2 64. Qf3+ Kh2 65. Qg4 Kg1 66. Kf3 1-0

[Event "EU School-ch U15 Girls"]
[Site "Kallithea"]
[Date "2016.06.18"]
[Round "2"]
[White "Ozbay, Ece"]
[Black "Incecik, Seyma Zeynep"]
[Result "1-0"]
[WhiteElo "1930"]
[BlackElo "1715"]
[PlyCount "109"]
[EventDate "2016.06.17"]
[EventType "swiss"]
[EventRounds "9"]
[EventCountry "GRE"]
[SourceTitle "EXT 2017"]
[Source "ChessBase"]
[SourceDate "2016.10.25"]
[SourceVersion "1"]
[SourceVersionDate "2016.10.25"]
[SourceQuality "1"]

1. e4 c5 2. Nf3 e6 3. d4 cxd4 4. Nxd4 Bc5 5. Be3 Qb6 6. Nc3 Nc6 7. Na4 Qa5+ 8. c3 Bxd4 9. Bxd4 Nxd4 10. Qxd4 e5 11. Qd1 Nf6 12. Bd3 d6 13. b4 Qc7 14. c4 Be6 15. Rc1 Rc8 16. 0-0 0-0 17. c5 dxc5 18. Nxc5 Qe7 19. Qe2 b6 20. Nxe6 Qxe6 21. Ba6 Rc6 22. b5 Rxc1 23. Rxc1 Rd8 24. h3 Qd6 25. Bb7 Nd7 26. Qc4 Qc5 27. Qf1 Qf8 28. Rc7 Qd6 29. Qc4 Qd2 30. g3 Qd4 31. Bd5 Qxc4 32. Bxc4 Kf8 33. Rxa7 Ke7 34. Bd5 f6 35. Bc6 Kd6 36. Kf1 g6 37. Ke2 Nb8 38. Rf7 f5 39. exf5 gxf5 40. Rxf5 Nxc6 41. Rf6+ Kc7 42. Rxc6+ Kb7 43. Re6 Rd5 44. a4 Rd4 45. Rxe5 Rxa4 46. Re7+ Kc8 47. Rxh7 Ra2+ 48. Kf3 Rc2 49. Rh5 Kd7 50. Rf5 Rc4 51. h4 Ke6 52. Rg5 Kf6 53. Rh5 Kg6 54. Rd5 Rc3+ 55. Kg4 1-0

[Event "TUR-ch (Women)"]
[Site "Cesme"]
[Date "2016.03.10"]
[Round "6"]
[White "Kaplan, Ebru"]
[Black "Incecik, Seyma Zeynep"]
[Result "1-0"]
[WhiteElo "1948"]
[BlackElo "1792"]
[PlyCount "99"]
[EventDate "2016.03.07"]
[EventType "swiss"]
[EventRounds "9"]
[EventCountry "TUR"]
[SourceTitle "CBM 171 Extra"]
[Source "ChessBase"]
[SourceDate "2016.04.26"]
[SourceVersion "1"]
[SourceVersionDate "2016.04.26"]
[SourceQuality "1"]

1. e4 d5 2. exd5 Nf6 3. d4 Bg4 4. Nf3 Qxd5 5. Be2 Nc6 6. c4 Qd7 7. Be3 0-0-0 8. Nbd2 e6 9. a3 Be7 10. b4 Bxf3 11. Nxf3 e5 12. d5 Qf5 13. Qb3 Nd4 14. Bxd4 exd4 15. Nxd4 Qe4 16. Nf3 Rhe8 17. 0-0 Bd6 18. Bd3 Qf4 19. Qc2 g5 20. c5 Be5 21. Rae1 h6 22. Nxe5 Rxe5 23. Rxe5 Qxe5 24. d6 cxd6 25. cxd6+ Kd7 26. Qc7+ Ke8 27. Bb5+ Nd7 28. Qxb7 Qxd6 29. Qxa7 Kf8 30. Bxd7 Rxd7 31. Qe3 Re7 32. Qc3 Ra7 33. Qh8+ Ke7 34. Re1+ Kd7 35. Qe8+ Kc7 36. Qxf7+ Kb6 37. Re6 Rxf7 38. Rxd6+ Kb5 39. Rxh6 Ra7 40. Rg6 Rxa3 41. Rxg5+ Kxb4 42. h4 Kc4 43. Re5 Kd4 44. Re8 Ra6 45. g4 Rg6 46. f3 Kd5 47. h5 Rg7 48. Kg2 Kd6 49. Kg3 Kd7 50. Re1 1-0